Music Quiz

Random Music Quiz

Guess the kpop idols Quiz Stats

 Plays Quiz not verified by Sporcle

Score 0/16 Timer 10:00
0 Plays Today
% Correct
Jungkook
98.3%
Chanyeol
93.8%
Jimin
91.9%
Vernon
90%
Sehun
89.3%
Baekhyun
89.3%
Minho
85.3%
Jin
85.1%
% Correct
Key
82.2%
Taehyung
81%
Momo
75.4%
Joshua
72.5%
Ken
71.6%
The8
65.6%
Hongbin
62.1%
0.9%

You're not logged in!

Compare scores with friends on all Sporcle quizzes.
OR
Log In

Sporcle TV

Today on Sporcle TV


Watch our educational content, quiz creation guides, and fun videos on Sporcle TV.

Show Comments

Extras

Created Jul 29, 2016ReportNominate
Tags:Kpop Quiz

Top Quizzes Today


Score Distribution

Your Account Isn't Verified!

In order to create a playlist on Sporcle, you need to verify the email address you used during registration. Go to your Sporcle Settings to finish the process.

Report this User

Report this user for behavior that violates our Community Guidelines.

Details: